000 00553nam a2200217Ia 4500
003 OSt
005 20220923211945.0
006 a|||||r|||| 00| 0
007 ta
008 220922b |||||||| |||| 00| 0 san d
024 _a75,308
037 _cTextual
040 _aARTS
_cARTS
_bsan
041 _2san
_asan
082 _aR65,6, 152N6.1-.2
245 0 _aश्रीमद भगवदगीता
246 _aShrīmad bhagavadagītā
260 _c1996
942 _hR65,6, 152N6.1-.2
_cTEXL
_2CC
999 _c304902
_d304902